[Event "tm FRA 1st"]
[Site "France"]
[Date "1999.??.??"]
[Round "9"]
[White "Piquemal, Christiane"]
[Black "Chapelle, Emilie"]
[Result "0-1"]
[WhiteElo "2050"]
[BlackElo "2011"]
[Annotator "Avignon-Strasbourg"]
[PlyCount "94"]
[EventDate "1999.??.??"]

1. d4 Nf6 2. c4 e6 3. Nc3 Bb4 4. Qc2 c5 5. dxc5 Nc6 6. e3 a5 7. Bd3 Ne5 8. Be2
Qc7 9. Nf3 O-O 10. O-O Bxc3 11. Qxc3 Nxf3+ 12. Bxf3 Qxc5 13. e4 d6 14. Be3 Qc7
15. Rfd1 Nd7 16. Rac1 Ne5 17. Be2 b6 18. Bd4 f6 19. Qd2 Nf7 20. b3 Bd7 21. c5
bxc5 22. Bxc5 dxc5 23. Qxd7 Qe5 24. Qb5 Rfc8 25. Bf3 Ng5 26. Qe2 Nxf3+ 27. Qxf3
Rd8 28. g3 Rd4 29. Rxd4 cxd4 30. Qd3 g5 31. Rc4 Rd8 32. Ra4 Qc5 33. Qd2 d3 34.
Rc4 Qe5 35. f3 Kf7 36. Kg2 Rd4 37. Rc8 h6 38. h4 f5 39. hxg5 fxe4 40. fxe4
Qxe4+ 41. Kf2 hxg5 42. Rc7+ Kf6 43. Rc1 Rd5 44. Re1 Rf5+ 45. Kg1 Qd4+ 46. Qe3
Qxe3+ 47. Rxe3 d2 0-1

[Event "tm FRA 1st"]
[Site "France"]
[Date "1999.??.??"]
[Round "9"]
[White "Spiridonov, Nikola"]
[Black "David, Alberto"]
[Result "1/2-1/2"]
[WhiteElo "2398"]
[BlackElo "2533"]
[Annotator "Paris Caissa-Chess XV"]
[PlyCount "44"]
[EventDate "1999.??.??"]

1. c4 Nf6 2. g3 g6 3. Bg2 Bg7 4. Nc3 O-O 5. Nf3 d6 6. O-O Nc6 7. d3 h6 8. Rb1
a5 9. a3 e5 10. b4 axb4 11. axb4 Be6 12. b5 Ne7 13. Bb2 Qd7 14. Ra1 Rab8 15.
Qb3 Bh3 16. Ra7 Bxg2 17. Kxg2 Qe6 18. e4 Nd7 19. Nd5 Nc5 20. Qc2 Nc8 21. Nxc7
Qd7 22. b6 Nxa7 1/2-1/2

[Event "tm FRA 1st"]
[Site "France"]
[Date "1999.??.??"]
[Round "9"]
[White "Guyard, Bertrand"]
[Black "Fontaine, Robert"]
[Result "0-1"]
[WhiteElo "2196"]
[BlackElo "2369"]
[Annotator "Chess XV-Paris Caissa"]
[PlyCount "60"]
[EventDate "1999.??.??"]

1. d4 d5 2. c4 c6 3. Nf3 Nf6 4. Nc3 e6 5. Bg5 h6 6. Bxf6 Qxf6 7. e3 Nd7 8. Rc1
Qd8 9. Bd3 Be7 10. O-O O-O 11. e4 dxe4 12. Nxe4 c5 13. dxc5 Nxc5 14. Nxc5 Bxc5
15. Qe2 f5 16. Rcd1 Qf6 17. a3 a5 18. Rfe1 b6 19. Bb1 Ra7 20. Ne5 Re7 21. Qh5
Ree8 22. Rd3 Rd8 23. Rg3 Rd2 24. Rg6 Bxf2+ 25. Kf1 Qh4 26. Rxg7+ Kxg7 27. Qg6+
Kh8 28. Bxf5 Rxf5 29. Qe8+ Kg7 30. Qg6+ Kf8 0-1

[Event "tm FRA 1st"]
[Site "France"]
[Date "1999.??.??"]
[Round "9"]
[White "Elbilia, Jacques"]
[Black "Bernard, Jacques"]
[Result "1-0"]
[WhiteElo "2360"]
[BlackElo "2199"]
[Annotator "Paris Caissa-Chess XV"]
[PlyCount "143"]
[EventDate "1999.??.??"]

1. d4 d5 2. c4 Nc6 3. cxd5 Qxd5 4. e3 e5 5. Nc3 Bb4 6. Bd2 Bxc3 7. bxc3 Qd6 8.
Bd3 Nge7 9. Ne2 Ng6 10. O-O O-O 11. f3 Be6 12. Be1 Rad8 13. Bf2 b6 14. Qa4 Na5
15. Rfd1 c5 16. Bg3 Qc6 17. Qxc6 Nxc6 18. Be4 Nce7 19. Bxe5 Nxe5 20. dxe5 Rxd1+
21. Rxd1 Bxa2 22. Rd7 Ng6 23. Bxg6 hxg6 24. Rxa7 Bc4 25. Ng3 Rd8 26. Ne4 Rd1+
27. Kf2 Kf8 28. Nd6 Be6 29. Ra8+ Ke7 30. Ra7+ Kf8 31. Rb7 Rc1 32. Rxb6 Rxc3 33.
Rb8+ Ke7 34. Rb7+ Kf8 35. g4 c4 36. Rb8+ Ke7 37. Rb7+ Kf8 38. e4 Rc1 39. Rb8+
Ke7 40. Rb7+ Kf8 41. Rc7 c3 42. Nb5 c2 43. Nd4 Rh1 44. Nxc2 Rxh2+ 45. Kg3 Rd2
46. g5 Rd1 47. Ne3 Rh1 48. Nd5 Rd1 49. Ne3 Rh1 50. f4 Rh3+ 51. Kf2 Rh2+ 52. Kf3
Rh3+ 53. Ke2 Rh2+ 54. Kd3 Rf2 55. Nd5 Ke8 56. Ke3 Rf1 57. Rb7 Rd1 58. Nb4 Re1+
59. Kd4 Kd8 60. Ra7 Rc1 61. Nd5 Ke8 62. Ne3 Re1 63. f5 gxf5 64. exf5 Bb3 65.
Ra3 Bd1 66. Ra1 Rxe3 67. Kxe3 Bc2 68. Kf4 g6 69. Ra8+ Kd7 70. e6+ fxe6 71. f6
Bb3 72. Ke5 1-0

[Event "tm FRA 1st"]
[Site "France"]
[Date "1999.??.??"]
[Round "9"]
[White "Heinis, Vincent"]
[Black "Maze, Sebastien"]
[Result "0-1"]
[WhiteElo "2266"]
[BlackElo "2179"]
[Annotator "Chess XV-Paris Caissa"]
[PlyCount "79"]
[EventDate "1999.??.??"]

1. d4 Nf6 2. c4 e6 3. Nf3 c5 4. d5 exd5 5. cxd5 d6 6. Nc3 g6 7. Bg5 Bg7 8. Nd2
a6 9. Qc2 h6 10. Bh4 O-O 11. e3 b5 12. a4 b4 13. Nce4 Bf5 14. Bd3 Re8 15. O-O
Kh8 16. Rae1 Re5 17. Nxf6 Bxd3 18. Qxd3 Bxf6 19. Bxf6+ Qxf6 20. Nc4 Re8 21. f4
Nd7 22. e4 Rad8 23. e5 dxe5 24. fxe5 Qg7 25. Qg3 Nf8 26. Nd6 Re7 27. Qf2 Kg8
28. Qxc5 Nd7 29. Qxb4 Rb8 30. Qf4 Nxe5 31. Nxf7 Rxf7 32. Qxe5 Rxf1+ 33. Kxf1
Qxe5 34. Rxe5 Kf7 35. Re6 a5 36. Ra6 Rxb2 37. Rxa5 Kf6 38. Rb5 Ra2 39. a5 Ke5
40. h3 {(temps)} 0-1

[Event "tm FRA 1st"]
[Site "France"]
[Date "1999.??.??"]
[Round "9"]
[White "Lecuyer, Christian"]
[Black "Bakus, Michel"]
[Result "1/2-1/2"]
[WhiteElo "2265"]
[BlackElo "2160"]
[Annotator "Paris Caissa-Chess XV"]
[PlyCount "72"]
[EventDate "1999.??.??"]

1. Nf3 d5 2. c4 e6 3. g3 Nf6 4. Bg2 Be7 5. O-O c5 6. cxd5 exd5 7. d4 Nc6 8. Nc3
O-O 9. dxc5 Bxc5 10. Bg5 d4 11. Bxf6 Qxf6 12. Nd5 Qd8 13. Nd2 Re8 14. Rc1 Bb6
15. a3 Be6 16. Nf4 Bf5 17. b4 Qd7 18. Nb3 Rac8 19. Nc5 Bxc5 20. Rxc5 Ne7 21.
Qd2 b6 22. Rxc8 Rxc8 23. Rc1 Rd8 24. h3 h6 25. h4 Qd6 26. Bf3 g5 27. hxg5 hxg5
28. Nh5 f6 29. g4 Bg6 30. Ng3 Qd7 31. Rc4 Bf7 32. Rc1 Kg7 33. Qc2 Rc8 34. Qd2
Rd8 35. Qc2 Rc8 36. Qd2 Rd8 1/2-1/2

[Event "tm FRA 1st"]
[Site "France"]
[Date "1999.??.??"]
[Round "9"]
[White "Schabanel, Stephane"]
[Black "Plantet, Sebastien"]
[Result "1-0"]
[WhiteElo "2217"]
[BlackElo "2153"]
[Annotator "Chess XV-Paris Caissa"]
[PlyCount "49"]
[EventDate "1999.??.??"]

1. e4 c5 2. Nc3 Nc6 3. f4 e6 4. Nf3 d5 5. Bb5 a6 6. Bxc6+ bxc6 7. d3 Nf6 8. O-O
Be7 9. Qe1 Qc7 10. Bd2 a5 11. b3 Ba6 12. e5 Nd7 13. Na4 c4 14. Qg3 cxd3 15.
Qxg7 Rf8 16. cxd3 Bxd3 17. Rfc1 c5 18. Qg3 Nb6 19. Nd4 Be4 20. Nc3 Bg6 21. Ncb5
Qd7 22. f5 cxd4 23. Nc7+ Kd8 24. Nxa8 Nxa8 25. fxg6 1-0

[Event "tm FRA 1st"]
[Site "France"]
[Date "1999.??.??"]
[Round "9"]
[White "Lopez, Jorge"]
[Black "Lohou, Stephane"]
[Result "0-1"]
[WhiteElo "2189"]
[BlackElo "2179"]
[Annotator "Paris Caissa-Chess XV"]
[PlyCount "94"]
[EventDate "1999.??.??"]

1. d4 Nf6 2. Nf3 g6 3. Bg5 Bg7 4. Nbd2 d5 5. e3 O-O 6. b4 a5 7. b5 c5 8. c3
Nbd7 9. Bf4 Nh5 10. Be2 Nxf4 11. exf4 Qb6 12. Nf1 Qd6 13. g3 Nf6 14. Ne3 Ne4
15. Qb3 Be6 16. O-O Rfc8 17. Rac1 Rc7 18. Qb2 Rac8 19. Ne5 cxd4 20. cxd4 Nc3
21. Bd3 Qb4 22. Qxb4 axb4 23. Rc2 Ra8 24. Rb2 Ra4 25. Ra1 Rc8 26. Bc2 Ra5 27.
Rxb4 Rxb5 28. Rxb5 Nxb5 29. Bb3 Nxd4 30. Bxd5 Bxd5 31. Nxd5 Rd8 32. Ne3 Bxe5
33. fxe5 Nf3+ 34. Kf1 Nxe5 35. Rb1 Rd7 36. Ke2 Kg7 37. Rb5 Nc6 38. Rb2 Nd4+ 39.
Kf1 e5 40. Nc4 f6 41. Na5 b5 42. Nb3 Ne6 43. Ke2 f5 44. Ke3 e4 45. Rc2 Rd3+ 46.
Ke2 Rxb3 47. axb3 Nd4+ 0-1

[Event "tm FRA 1st"]
[Site "France"]
[Date "1999.??.??"]
[Round "9"]
[White "Borzakian, Manouk"]
[Black "Eustache, Boris"]
[Result "0-1"]
[WhiteElo "2059"]
[BlackElo "2100"]
[Annotator "Chess XV-Paris Caissa"]
[PlyCount "62"]
[EventDate "1999.??.??"]

1. e4 e6 2. d3 d5 3. Nd2 Nf6 4. Ngf3 Be7 5. g3 b6 6. e5 Nfd7 7. Qe2 Bb7 8. Bg2
c5 9. O-O Nc6 10. Re1 g5 11. h3 Qc7 12. Nf1 O-O-O 13. a3 Rdg8 14. c3 h5 15. g4
hxg4 16. hxg4 Nf8 17. b4 Ng6 18. bxc5 bxc5 19. Rb1 c4 20. dxc4 Ba6 21. Qb2 Bxc4
22. Nd4 Ngxe5 23. Nxc6 Nxc6 24. Be3 Bd6 25. Ng3 Rh4 26. Bd4 Nxd4 27. cxd4 Bf4
28. Bf1 Rgh8 29. Bxc4 dxc4 30. Qb5 Bxg3 31. Qa6+ Kd8 0-1

[Event "tm FRA 1st"]
[Site "France"]
[Date "1999.??.??"]
[Round "9"]
[White "Chaude de Silans, Chantal"]
[Black "Bonvalot, Isabelle"]
[Result "0-1"]
[WhiteElo "1900"]
[BlackElo "2000"]
[Annotator "Paris Caissa-Chess XV"]
[PlyCount "47"]
[EventDate "1999.??.??"]

1. d4 f5 2. g3 Nf6 3. Nf3 g6 4. Bg2 Bg7 5. O-O O-O 6. c4 d6 7. d5 c6 8. Nc3 Na6
9. Rb1 Kh8 10. Be3 e5 11. dxe6 Bxe6 12. Ng5 Bxc4 13. Qd2 Bg8 14. Nh3 Nc7 15.
Bh6 d5 16. Bxg7+ Kxg7 17. Qd4 Ne6 18. Qb4 Qb6 19. Qe7+ Bf7 20. Qa3 h6 21. Kh1
Qc5 22. Qb3 b6 23. Qd1 Rab8 24. Na4 {suite illisible et gain noir au 30e coup.}
0-1

[Event "tm FRA 1st"]
[Site "France"]
[Date "1999.??.??"]
[Round "9"]
[White "Magem Badals, Jordi"]
[Black "Komarov, Dimitri"]
[Result "1/2-1/2"]
[WhiteElo "2557"]
[BlackElo "2588"]
[Annotator "Orange-Drancy"]
[PlyCount "26"]
[EventDate "1999.??.??"]

1. e4 c5 2. Nf3 Nc6 3. Bb5 e6 4. c3 Nge7 5. d4 cxd4 6. cxd4 d5 7. Nc3 dxe4 8.
Nxe4 Nf5 9. O-O Be7 10. Bxc6+ bxc6 11. Qc2 O-O 12. Rd1 Qd5 13. Nc3 Qd6 1/2-1/2

[Event "tm FRA 1st"]
[Site "France"]
[Date "1999.??.??"]
[Round "9"]
[White "Legky, Nikolay"]
[Black "De la Riva Aguado, Oscar"]
[Result "1/2-1/2"]
[WhiteElo "2487"]
[BlackElo "2486"]
[Annotator "Drancy-Orange"]
[PlyCount "41"]
[EventDate "1999.??.??"]

1. d4 f5 2. g3 Nf6 3. Bg2 g6 4. Nh3 Bg7 5. Nf4 Nc6 6. c3 e5 7. dxe5 Nxe5 8. O-O
c6 9. b3 O-O 10. Ba3 Re8 11. c4 g5 12. Nh3 Ne4 13. Qc1 Nxc4 14. bxc4 Bxa1 15.
f3 Bd4+ 16. Kh1 Nc5 17. Rd1 Qf6 18. Rxd4 Qxd4 19. Qxg5+ Kh8 20. Qxf5 d5 21. Qc2
1/2-1/2

[Event "tm FRA 1st"]
[Site "France"]
[Date "1999.??.??"]
[Round "9"]
[White "Goldgewicht, Lionel"]
[Black "Borne, Niels"]
[Result "1/2-1/2"]
[WhiteElo "2353"]
[BlackElo "2305"]
[Annotator "Orange-Drancy"]
[PlyCount "36"]
[EventDate "1999.??.??"]

1. e4 c5 2. c3 Nf6 3. e5 Nd5 4. d4 cxd4 5. Nf3 Nc6 6. Bc4 Nb6 7. Bb3 d5 8. exd6
e6 9. cxd4 Bxd6 10. Nc3 Bd7 11. O-O Ne7 12. Ne5 Bxe5 13. dxe5 Bc6 14. Qg4 Nf5
15. Bg5 Qd4 16. Qe2 Qb4 17. Rad1 h6 18. Bc1 O-O 1/2-1/2

[Event "tm FRA 1st"]
[Site "France"]
[Date "1999.??.??"]
[Round "9"]
[White "Doornbos, Yann"]
[Black "Lepelletier, Benoit"]
[Result "0-1"]
[WhiteElo "2332"]
[BlackElo "2456"]
[Annotator "Drancy-Orange"]
[PlyCount "66"]
[EventDate "1999.??.??"]

1. d4 Nf6 2. c4 c5 3. d5 e5 4. Nc3 d6 5. e4 Be7 6. Bd3 Na6 7. Nge2 Nh5 8. O-O
Bg5 9. Bxg5 Qxg5 10. Nb5 Qe7 11. Qd2 g5 12. f3 Rg8 13. g3 Nc7 14. b4 a6 15.
Nxc7+ Qxc7 16. Rab1 Bd7 17. Qe3 Nf4 18. Nxf4 gxf4 19. Qf2 O-O-O 20. bxc5 dxc5
21. Rb3 fxg3 22. hxg3 Rg6 23. Qh2 Kb8 24. Kf2 Qa5 25. Ke3 Ba4 26. Rb2 Qc3 27.
Rfb1 b5 28. Qh4 Rdg8 29. cxb5 Rb6 30. Qxh7 Rxg3 31. Qh4 Qd4+ 32. Ke2 Rg2+ 33.
Ke1 Qe3+ 0-1

[Event "tm FRA 1st"]
[Site "France"]
[Date "1999.??.??"]
[Round "9"]
[White "Ochoa de Echeguen, Javier"]
[Black "Moracchini, Fabrice"]
[Result "1/2-1/2"]
[WhiteElo "2435"]
[BlackElo "2303"]
[Annotator "Orange-Drancy"]
[PlyCount "29"]
[EventDate "1999.??.??"]

1. e4 e6 2. d4 d5 3. Nc3 Nf6 4. Bg5 Bb4 5. exd5 Qxd5 6. Bxf6 Bxc3+ 7. bxc3 gxf6
8. Qd2 c5 9. Nf3 Nc6 10. Be2 Bd7 11. O-O Rg8 12. Qe3 Ne7 13. Qd3 Bc6 14. c4 Qh5
15. g3 1/2-1/2

[Event "tm FRA 1st"]
[Site "France"]
[Date "1999.??.??"]
[Round "9"]
[White "Kovarcik, Thomas"]
[Black "Delebarre, Xavier"]
[Result "0-1"]
[WhiteElo "2181"]
[BlackElo "2261"]
[Annotator "Orange-Drancy"]
[PlyCount "76"]
[EventDate "1999.??.??"]

1. e4 c5 2. Nc3 Nc6 3. f4 g6 4. Nf3 Bg7 5. Bb5 Nd4 6. O-O Nxb5 7. Nxb5 Nf6 8.
e5 Nd5 9. d4 Nc7 10. Nc3 cxd4 11. Qxd4 d5 12. Rd1 Bg4 13. Qf2 O-O 14. h3 Bxf3
15. Qxf3 e6 16. Be3 Qe7 17. g4 b6 18. Qg3 Rac8 19. a4 f6 20. Bd4 fxe5 21. fxe5
Na6 22. a5 Nb4 23. axb6 axb6 24. Rd2 Rc4 25. Bxb6 Qb7 26. Bf2 d4 27. Ne4 Qxe4
28. Qb3 Rfc8 29. Rxd4 Qxc2 30. Rxc4 Qxc4 31. Qxc4 Rxc4 32. Ra8+ Bf8 33. Be3 Kf7
34. Ra7+ Be7 35. b3 Rc8 36. Bg5 Nd5 37. Bxe7 Nxe7 38. b4 Rb8 0-1

[Event "tm FRA 1st"]
[Site "France"]
[Date "1999.??.??"]
[Round "9"]
[White "Buchy, Daniel"]
[Black "Kovarcik, Guillaume"]
[Result "0-1"]
[WhiteElo "2197"]
[BlackElo "2165"]
[Annotator "Drancy-Orange"]
[PlyCount "72"]
[EventDate "1999.??.??"]

1. f4 d5 2. Nf3 Nf6 3. e3 Bf5 4. b3 e6 5. Bb2 Be7 6. Be2 Nbd7 7. O-O h5 8. Ne5
c6 9. c4 Qc7 10. d3 Nxe5 11. Bxe5 Qb6 12. Bd4 c5 13. Bb2 dxc4 14. dxc4 Ng4 15.
Bxg4 Bxg4 16. Qc2 O-O-O 17. h3 Bf5 18. e4 Bh7 19. Nc3 Bf6 20. Qe2 Qc6 21. Rfe1
h4 22. Nb5 Kb8 23. Bxf6 gxf6 24. e5 Bd3 25. Qf3 Qxf3 26. gxf3 Bf5 27. Nd6 Rhg8+
28. Kf2 Bxh3 29. Rh1 Rg3 30. Rag1 fxe5 31. fxe5 Rdg8 32. Nxf7 Bg2 33. Rxg2
Rxg2+ 34. Ke3 Rf8 35. Nd6 Rh8 36. Rc1 h3 0-1

[Event "tm FRA 1st"]
[Site "France"]
[Date "1999.??.??"]
[Round "9"]
[White "Guadalpi, Celine"]
[Black "Barakoff, Annie"]
[Result "1-0"]
[WhiteElo "1980"]
[BlackElo "168"]
[Annotator "Orange-Drancy"]
[PlyCount "107"]
[EventDate "1999.??.??"]

1. e4 c6 2. c4 d5 3. exd5 cxd5 4. cxd5 Qxd5 5. Nc3 Qd8 6. Bc4 Nf6 7. Nf3 Nc6 8.
h3 a6 9. O-O Bf5 10. d4 e6 11. a3 Be7 12. Be3 O-O 13. Qe2 b5 14. Ba2 b4 15.
axb4 Nxb4 16. Bc4 a5 17. Ne5 Rc8 18. Rfc1 Nfd5 19. Nxd5 Nxd5 20. Bd2 Nb4 21.
Bc3 Bg5 22. Bd2 Bf6 23. Be3 Bg5 24. Bxg5 Qxg5 25. Nf3 Qd8 26. b3 Qb6 27. Rd1
Rfd8 28. Qe5 Nd5 29. Rd2 Ra8 30. Nh4 Bg6 31. Nxg6 hxg6 32. Rda2 f6 33. Qe1 Kf7
34. Rxa5 Rxa5 35. Qxa5 Qxa5 36. Rxa5 f5 37. Ra6 Kf6 38. g3 Nc7 39. Ra7 Ne8 40.
Bb5 Nd6 41. Rd7 Rxd7 42. Bxd7 Ke7 43. Bc6 Nc8 44. Kf1 Kd6 45. Bb7 Nb6 46. Ke2
g5 47. Ke3 Nd5+ 48. Bxd5 exd5 49. f4 g4 50. hxg4 fxg4 51. f5 Kc6 52. Kf4 Kb5
53. Ke5 Kb4 54. Kxd5 1-0

[Event "tm FRA 1st"]
[Site "France"]
[Date "1999.??.??"]
[Round "9"]
[White "Hodgson, Julian"]
[Black "Khenkin, Igor"]
[Result "1/2-1/2"]
[WhiteElo "2565"]
[BlackElo "2641"]
[Annotator "Le Mans-Nancy"]
[PlyCount "31"]
[EventDate "1999.??.??"]

1. d4 d5 2. c4 c6 3. cxd5 cxd5 4. Nf3 Nc6 5. Nc3 Nf6 6. Bf4 Ne4 7. e3 Nxc3 8.
bxc3 g6 9. Bb5 Bg7 10. Ne5 Bd7 11. Bxc6 bxc6 12. O-O O-O 13. Qa4 f6 14. Nxd7
Qxd7 15. Rfd1 g5 16. Bg3 1/2-1/2

[Event "tm FRA 1st"]
[Site "France"]
[Date "1999.??.??"]
[Round "9"]
[White "Turner, Matthew"]
[Black "Kozakov, Mikhail"]
[Result "1-0"]
[WhiteElo "2420"]
[BlackElo "2463"]
[Annotator "Nancy-Le Mans"]
[PlyCount "207"]
[EventDate "1999.??.??"]

1. c4 g6 2. Nc3 Bg7 3. g3 c5 4. Bg2 Nc6 5. e3 e5 6. Nge2 Nge7 7. O-O O-O 8. a3
d6 9. d3 f5 10. Rb1 a5 11. Nd5 Nxd5 12. cxd5 Ne7 13. f4 h6 14. e4 exf4 15. gxf4
Kh7 16. Be3 Ng8 17. h3 Re8 18. Bf2 a4 19. Qc2 b5 20. Rfe1 Ra7 21. b4 axb3 22.
Rxb3 Qa5 23. e5 dxe5 24. Qxc5 Rc7 25. Qxb5 Qxb5 26. Rxb5 exf4 27. d6 Rc2 28.
Nxf4 Rxe1+ 29. Bxe1 Bd4+ 30. Kf1 Nf6 31. Nd5 Nd7 32. Nb4 Rc5 33. Bc6 Rxb5 34.
Bxb5 Be5 35. Nd5 Bb7 36. Ne3 Bxd6 37. Nc4 Bxa3 38. Nxa3 Nf6 39. Nc4 Nd5 40. Bd2
f4 41. Ne5 g5 42. Kf2 Nf6 43. Nd7 Nd5 44. Nc5 Ba8 45. Be8 Nf6 46. Bf7 Kg7 47.
Be6 Nd5 48. Ne4 Kg6 49. Bd7 Nb6 50. Be8+ Kf5 51. Bc3 Nd5 52. Bf7 Nxc3 53. Nxc3
Ke5 54. Ne2 Bb7 55. d4+ Ke4 56. Bh5 Kd3 57. Bf3 Bc8 58. Bg4 Bb7 59. Bf5+ Be4
60. Bc8 Bd5 61. Bd7 h5 62. Be8 h4 63. Bg6+ Kc4 64. Bb1 Bb7 65. Ba2+ Kd3 66. d5
Bc8 67. Ng1 g4 68. hxg4 Bxg4 69. Nf3 Kc3 70. Ne5 Bf5 71. d6 h3 72. d7 Bxd7 73.
Nxd7 Kd4 74. Nf6 h2 75. Kg2 Ke3 76. Ng4+ Kd4 77. Kxh2 Kc3 78. Kg2 Kd4 79. Kf3
Kc3 80. Be6 Kd4 81. Kxf4 Kd3 82. Ke5 Kc3 83. Ke4 Kb4 84. Kd4 Ka3 85. Ne3 Kb2
86. Kd3 Ka3 87. Kc3 Ka4 88. Bd5 Kb5 89. Kd4 Kb4 90. Nc2+ Kb5 91. Ke5 Kc5 92.
Ke6 Kb5 93. Kd6 Kb6 94. Bc6 Ka5 95. Kc5 Ka6 96. Nb4+ Ka5 97. Nd5 Ka6 98. Kb4
Ka7 99. Kb5 Kb8 100. Bd7 Kb7 101. Be6 Ka7 102. Bc8 Kb8 103. Ba6 Ka7 104. Ne7
1-0

[Event "tm FRA 1st"]
[Site "France"]
[Date "1999.??.??"]
[Round "9"]
[White "Sulypa, Alexandre"]
[Black "Arkell, Keith"]
[Result "1/2-1/2"]
[WhiteElo "2424"]
[BlackElo "2438"]
[Annotator "Le Mans-Nancy"]
[PlyCount "39"]
[EventDate "1999.??.??"]

1. e4 c6 2. d4 d5 3. Nd2 dxe4 4. Nxe4 Nd7 5. Ng5 Ngf6 6. Bd3 Nb6 7. N1f3 Bg4 8.
h3 Bxf3 9. Nxf3 e6 10. O-O Qc7 11. c4 Be7 12. a3 a5 13. b3 O-O 14. Bb2 Nbd7 15.
Re1 Rfe8 16. Bc2 Bf8 17. Qd2 g6 18. g3 Bg7 19. Kg2 b5 20. Rac1 1/2-1/2

[Event "tm FRA 1st"]
[Site "France"]
[Date "1999.??.??"]
[Round "9"]
[White "Bauer, Christian"]
[Black "Marcelin, Cyril"]
[Result "1/2-1/2"]
[WhiteElo "2528"]
[BlackElo "2383"]
[Annotator "Nancy-Le Mans"]
[PlyCount "104"]
[EventDate "1999.??.??"]

1. d4 f5 2. g3 Nf6 3. Bg2 e6 4. c4 c6 5. Nh3 d5 6. O-O Bd6 7. Bf4 Be7 8. Qc2
O-O 9. Nd2 Nh5 10. Nf3 Nd7 11. Rad1 h6 12. Bc1 g5 13. Ne5 Bd6 14. f4 g4 15. Nf2
Ng7 16. Qc3 h5 17. h3 Nf6 18. b4 a5 19. b5 cxb5 20. cxb5 Bd7 21. a4 Rc8 22. Qb3
Qb6 23. Ba3 Rc7 24. Bxd6 Qxd6 25. Rc1 Rfc8 26. Rxc7 Rxc7 27. b6 Rc8 28. Nfd3
gxh3 29. Bxh3 Ne4 30. Rc1 Nxg3 31. Rxc8+ Bxc8 32. Qc2 Qd8 33. e3 Ne4 34. Bg2
Nf6 35. Qc3 Nge8 36. Ng6 Nd6 37. Nde5 Kg7 38. Qxa5 Ng4 39. Bf3 Nxe3 40. Qc5 Ng4
41. a5 Nxe5 42. Nxe5 Kf6 43. Bg2 h4 44. Qc3 Qg8 45. Qh3 Qg3 46. Qxg3 hxg3 47.
Bf1 Ke7 48. Kg2 Ne4 49. Bb5 Kd6 50. Nf7+ Ke7 51. Ne5 Kd6 52. Nf7+ Ke7 1/2-1/2

[Event "tm FRA 1st"]
[Site "France"]
[Date "1999.??.??"]
[Round "9"]
[White "Bujisho, Benjamin"]
[Black "Nezar, Mustapha"]
[Result "1-0"]
[WhiteElo "2270"]
[BlackElo "2275"]
[Annotator "Le Mans-Nancy"]
[PlyCount "139"]
[EventDate "1999.??.??"]

1. e4 c5 2. Nf3 d6 3. c3 Nf6 4. h3 Nc6 5. Bd3 e6 6. O-O d5 7. e5 Nd7 8. Re1 Qc7
9. Qe2 a6 10. Bc2 b5 11. d3 Be7 12. Bf4 b4 13. c4 Nb6 14. Nbd2 a5 15. Rac1 a4
16. Bb1 Ba6 17. Bg3 Rd8 18. b3 O-O 19. Qe3 Rd7 20. Qf4 Qd8 21. h4 axb3 22. axb3
Bb7 23. Bc2 dxc4 24. dxc4 Nd4 25. Nxd4 Rxd4 26. Ne4 Qd7 27. f3 Bxe4 28. Bxe4
Rd8 29. Qg4 Qc7 30. Bf4 Nd7 31. h5 Kh8 32. Qg3 Nf8 33. Be3 R4d7 34. h6 Ng6 35.
hxg7+ Kxg7 36. Qg4 Kh8 37. f4 Bf8 38. g3 Bg7 39. Rc2 Kg8 40. Rh2 Nf8 41. Qh5 h6
42. Qg4 Rd3 43. Bxd3 Rxd3 44. Rb2 Ng6 45. Qe2 Rc3 46. Kh2 Ne7 47. Bd2 Nf5 48.
Bxc3 bxc3 49. Rc2 Nd4 50. Qd3 Nxb3 51. Qxc3 Nd4 52. Rd2 Qb6 53. Rxd4 cxd4 54.
c5 Qb5 55. Qxd4 Bf8 56. Rc1 Qe2+ 57. Kg1 Qf3 58. Qf2 Qc6 59. Kh2 Be7 60. Qg2
Qc7 61. Qa8+ Kg7 62. Qg2 Bd8 63. Rd1 h5 64. c6 Qb6 65. Rd7 Bc7 66. Qf3 Kg6 67.
Kh3 Bd8 68. Qd3+ Kg7 69. Rxd8 Qxc6 70. Kh2 1-0

[Event "tm FRA 1st"]
[Site "France"]
[Date "1999.??.??"]
[Round "9"]
[White "Adrian, Claude"]
[Black "Blot, Jerome"]
[Result "1/2-1/2"]
[WhiteElo "2309"]
[BlackElo "2253"]
[Annotator "Nancy-Le Mans"]
[PlyCount "111"]
[EventDate "1999.??.??"]

1. Nf3 Nf6 2. c4 g6 3. g3 Bg7 4. Bg2 O-O 5. O-O d6 6. d4 Nc6 7. d5 Na5 8. Nfd2
c5 9. Nc3 a6 10. Rb1 Rb8 11. b3 b5 12. Bb2 Nd7 13. Qc2 bxc4 14. bxc4 Qc7 15.
Nce4 Rxb2 16. Rxb2 Bxb2 17. Qxb2 Nb6 18. Qc3 Na4 19. Qe3 Kg7 20. h4 f6 21. Rb1
Bd7 22. Nc3 Nb6 23. Qd3 Rb8 24. h5 Na4 25. Rxb8 Qxb8 26. Qe3 Qd8 27. h6+ Kf8
28. Nce4 Kg8 29. Bf3 Nb2 30. Qc3 Na4 31. Qa1 Qf8 32. Nxd6 Qxh6 33. Nb3 Nxb3 34.
axb3 exd6 35. bxa4 Qf8 36. a5 Qd8 37. Qb2 Kf7 38. Qb7 Qc8 39. Qb6 Ke7 40. e3
Qe8 41. Bd1 Qc8 42. Kh2 Qe8 43. g4 Qc8 44. Kg3 Qa8 45. f4 Qc8 46. Be2 Qa8 47.
Bf3 Qc8 48. e4 h5 49. e5 fxe5 50. fxe5 h4+ 51. Kh3 dxe5 52. Qxg6 Qf8 53. Qg5+
Kd6 54. Qg6+ Ke7 55. Bg2 Qf4 56. Qh7+ 1/2-1/2

[Event "tm FRA 1st"]
[Site "France"]
[Date "1999.??.??"]
[Round "9"]
[White "Karr, Jean-Philippe"]
[Black "Zawadski, Stephane"]
[Result "1-0"]
[WhiteElo "2347"]
[BlackElo "2200"]
[Annotator "Le Mans-Nancy"]
[PlyCount "80"]
[EventDate "1999.??.??"]

1. d4 d5 2. c4 c6 3. Nf3 Nf6 4. Nc3 dxc4 5. a4 Bf5 6. e3 e6 7. Bxc4 Bb4 8. O-O
Nbd7 9. Qe2 Bg6 10. Ne1 O-O 11. Nd3 Bxd3 12. Bxd3 e5 13. Bc2 Re8 14. dxe5 Nxe5
15. Bd2 Qd6 16. h3 Rad8 17. Rad1 Qc5 18. Bb3 Qa5 19. Bc2 b5 20. Ra1 Qb6 21.
axb5 cxb5 22. Ne4 Bxd2 23. Nxd2 a5 24. Rfc1 Nc6 25. Nf3 Nb4 26. Bb1 h6 27. Ra3
Ne4 28. Nd4 Nd6 29. Qg4 Re5 30. Rac3 Nd5 31. Rc6 Qb8 32. R6c5 Nf6 33. Qg3 Rxc5
34. Rxc5 Nfe4 35. Bxe4 Nxe4 36. Qxb8 Rxb8 37. Rxb5 Rxb5 38. Nxb5 Nd2 39. Nd6
Kf8 40. Nb7 Ke7 1-0

[Event "tm FRA 1st"]
[Site "France"]
[Date "1999.??.??"]
[Round "9"]
[White "Spielmann, Alain"]
[Black "Berthelot, Yannick"]
[Result "1-0"]
[WhiteElo "2327"]
[BlackElo "2252"]
[Annotator "Nancy-Le Mans"]
[PlyCount "101"]
[EventDate "1999.??.??"]

1. d4 Nf6 2. Nf3 g6 3. c4 Bg7 4. g3 O-O 5. Bg2 d6 6. O-O Nbd7 7. Nc3 e5 8. Qc2
c6 9. Rd1 Qc7 10. e4 Re8 11. h3 b6 12. Be3 Bb7 13. d5 cxd5 14. cxd5 Rec8 15.
Rac1 Qd8 16. Qb1 a6 17. Nd2 h5 18. a3 h4 19. g4 Ne8 20. Na2 Bf6 21. Rxc8 Rxc8
22. Rc1 Rxc1+ 23. Qxc1 Bg5 24. Bxg5 Qxg5 25. Nf3 Qxc1+ 26. Nxc1 Nc5 27. Nxh4
Nc7 28. b4 Na4 29. Bf1 Nc3 30. f3 N7b5 31. Bxb5 axb5 32. Ng2 Nb1 33. Ne3 Nxa3
34. Kf2 Bc8 35. Ke2 Nc4 36. Kd3 Nxe3 37. Kxe3 g5 38. Kf2 Kg7 39. Ne2 f6 40. Ng3
Bd7 41. Nf1 Bc8 42. Kg3 Kh6 43. Ne3 Bd7 44. h4 Bc8 45. hxg5+ fxg5 46. Nf5+ Bxf5
47. gxf5 Kg7 48. Kg4 Kh6 49. f6 Kg6 50. f7 Kxf7 51. Kf5 1-0